02321nam a2200301Ia 4500001000600000003000900006008004100015040001300056040001300069041001300082100002200095100002900117245006100146245005900207250001100266260001100277260001600288260004900304300004300353500130200396650001801698650003101716942000701747957000601754999001701760999000601777952023601783E9369IT-RoPAU130308s9999 xx 000 0 und d aIT-RoPAU cIT-RoPAU aITALIANO aRigotti Francesca gCodice Aut. SPICS: 49982 aVerità retorica (La). Etica, conoscenza e persuasione bVerita' Retorica (La). Etica, Conoscenza e Persuasione a1a ed. aMILANO bFeltrinelli c1995 [1° Ed.:1995 - Ed.Ling.Originale:1995] a"160 p. (prefazione: no ; testo: 160)" aOntologia della Retorica: Definizione della Retorica,Retorica e Violenza, piacere e Stupore. Morte e Trasfigurazione della Retorica: Retorica e Filosofia, Svolta Linguistica, riabilitazione della Filosofia Pratica, Problema Perelman. Dimostrazione e Argomentazione Metaforicamente Considerate: Evidenza e Consenso, Evidenza e Dimostrazione, consenso e Argomentazione, Convinzione e Persuasione. Verità e Retorica: Problema dell'Evidenza, Verità e Comunicazione, Retorica degli Antiretorici, Ermeneutica e Retorica. Etica Eretorica: Filosofia Pura e Filosofia Pratica, Argomento Ad Hominem, pluralismo e Retorica. Etica e Metafore: Metafora nella Teoria Etica, metafore del vero del Bene e del Giusto. sole Come Metafora della Giustizia: Coincidenza tra sole Luce e Fuoco, Metafisica della Luce, Luce Come Metafora della Conoscenza e Dellla Verità, Coincidenza concettuale ed Etimologica di Verità e Giustizia, Tradizione Ebraica, sole della Giustizia nella Cultura Greca, paradigma Solare nella dottrina Cristiana, Cristo sole della Giustizia, sole della Giustizia di Durer. Retorica Applicata All'Etica: Parti e Generidella Retorica, Metafora nella Teoria Etica, Metafora del pensiero Contemporaneo, Teoria della Giustizia e Sue Metafore, Etica del Discorso e Sue Metafore. Bibliografia. aEPISTEMOLOGIA eCodice materia Spics: 3051 cBK 71 c87729d87729 g1 0010406E_000000000000000_936971aSPICSbSPICSd2013-03-08l0oE9369r2013-03-08 00:00:00w2013-03-08yBKzProgressivo inserimento: 1725 / N. Volumi: 1 Copie: 1 / data import: 1 marzo 2013 - By Epidotti, Trombetti, Vaglietti.